00690nam a2200229 a 4500001001300000003000900013005001700022008004100039020002300080082001300103100001500116245006800131260002500199300000900224500003500233650003100268700001500299902000800314942000700322952011400329999001700443nice12345678IN_TiNIC20260116014155.0120917s2006 dela grp 000 0 eng  a8172149255 c15000a266bDAS aDas, Somen aChurch and the Worldb Towards a Biblical-Ethical Understanding aDelhi bISPCK c2006 a224p aincludes index and biblioraphy aChurch and Social Problems1 aDas, Somen bSRS cBK 001040708StackRoom-aHMIbHMId2012-09-17g150.00l0o266 DASp023871r2012-09-17v150.00w2012-09-17yBK c14181d14181